000 00293nam a22001337a 4500
008 170315b xxu||||| |||| 00| 0 eng d
020 _a21720
041 _aeng
080 _a591
100 _a7
101 _aSHM
245 _aINTEGRATED PRINCIPLES OF ZOOLOGY
_cHICKMAN, C.P
942 _2udc
_cBK
999 _c7798
_d7798